Поздний докембрий и ранний палеозой Сибири. Проблемы расчленения и корреляции: сборник научных трудов

গ্রন্থ-পঞ্জীর বিবরন
সংস্থা লেখক: Академия наук СССР (АН СССР) Сибирское отделение (СО) Институт геологии и геофизики (ИГиГ)
অন্যান্য লেখক: Хоментовский В. В. Всеволод Владимирович (редактор)
ভাষা:রুশ
প্রকাশিত: Новосибирск, Изд-во ИГИГ, 1984
বিষয়গুলি:
বিন্যাস: গ্রন্থ
KOHA link:https://koha.lib.tpu.ru/cgi-bin/koha/opac-detail.pl?biblionumber=287975

MARC

LEADER 00000nam0a2200000 4500
001 287975
005 20231102000037.0
035 |a (RuTPU)RU\TPU\book\312420 
090 |a 287975 
100 |a 20150320d1984 k y0rusy5003 ca 
101 0 |a rus 
102 |a RU 
105 |a a z 001zy 
200 1 |a Поздний докембрий и ранний палеозой Сибири. Проблемы расчленения и корреляции  |e сборник научных трудов  |f Академия наук СССР (АН СССР), Сибирское отделение (СО), Институт геологии и геофизики (ИГиГ) ; под ред. В. В. Хоментовского 
210 |a Новосибирск  |c Изд-во ИГИГ  |d 1984 
215 |a 125 с. 
320 |a Библиогр. в конце ст. 
606 1 |a Докембрий  |2 stltpush  |3 (RuTPU)RU\TPU\subj\67322  |9 83166 
610 1 |a докембрийские отложения 
610 1 |a кембрийские отложения 
610 1 |a стратиграфия 
610 1 |a Сибирь 
610 1 |a палеозой 
610 1 |a корреляция 
675 |a 551.71/.72  |z rus  |v 4 
702 1 |a Хоментовский  |b В. В.  |g Всеволод Владимирович  |4 340 
712 0 2 |a Академия наук СССР (АН СССР)  |b Сибирское отделение (СО)  |b Институт геологии и геофизики (ИГиГ)  |c (Новосибирск)  |2 stltpush  |3 (RuTPU)RU\TPU\col\128 
801 0 |a RU  |b RuMRKP  |c 19950704  |g psbo 
801 1 |a RU  |b 63413507  |c 20150320 
801 2 |a RU  |b 63413507  |c 20170704  |g RCR 
942 |c BK